000 00269nam a22001217a 4500
082 _a823
_bKAT/S
100 _aCRISTALDI, KATHRYN
245 _aSAMANTHA THE SNOB
260 _aNEW YORK
_bRANDOM HOUSE
_c1994
300 _a48
650 _aENGLISH STORY
_zINDIA
942 _cBK
999 _c7480
_d7480